Double Albums - Statistics

General Stats
  • This quiz has been taken 6 times
  • The average score is 7 of 14
Answer Stats
Musical Act Year Answer % Correct
The Beatles 1968 The Beatles (White Album)
83%
Pink Floyd 1979 The Wall
83%
The Who 1969 Tommy
83%
The Clash 1979 London Calling
67%
Stevie Wonder 1976 Songs in the Key of Life
67%
Bob Dylan 1966 Blonde on Blonde
50%
The Jimi Hendrix Experience 1968 Electric Ladyland
50%
Elton John 1973 Goodbye Yellow Brick Road
50%
Genesis 1974 The Lamb Lies Down on Broadway
50%
Led Zeppelin 1975 Physical Graffiti
33%
Outkast 2003 Speakerboxxx/The Love Below
33%
The Rolling Stones 1972 Exile on Main St.
17%
Prince 1987 Sign "O" the Times
17%
Bruce Springsteen 1980 The River
17%
No matching quizzes found
Score Distribution
Percent of People with Each Score
Percentile by Number Answered
Your Score History
You have not taken this quiz